00338nam a2200121Ia 4500008004100000041000800041082001700049100002000066245004700086260004900133300002900182365000500211240624s9999 xx 000 0 und d aeng a658.4012 KAP aKAPLAN ROBERT S aSTRATEGY FOCUSED ORGANIZATION HOW BALANCE  c2001aBostonbHarvard Businesss School Press ax, : 400 : p. : cm. ; 24 c